Espejo del pasado: memorias literarias
Guardat en:
| Autor principal: | |
|---|---|
| Format: | Llibre |
| Idioma: | espanyol |
| Publicat: |
Santiago
Nascimento
1947
|
| Matèries: | |
| Etiquetes: |
Afegir etiqueta
Sense etiquetes, Sigues el primer a etiquetar aquest registre!
|
MARC
| LEADER | 00000nam a2200000 a 4500 | ||
|---|---|---|---|
| 001 | UCX7226 | ||
| 003 | CL-VaPUC | ||
| 008 | 931201e19470000CL |||||||||||||||||spa|d | ||
| 082 | 0 | 4 | |a Ch860.9 |b LIL |2 21 |
| 100 | |a Lillo, Samuel A. |e autor |9 504983 | ||
| 245 | 1 | 0 | |a Espejo del pasado: memorias literarias |
| 300 | |a 424 p | ||
| 942 | |c BK | ||
| 945 | |d 19931201 00:00:00 |a rbrito | ||
| 260 | |a Santiago |b Nascimento |c 1947 | ||
| 650 | 0 | |a Literatura chilena |9 308278 | |
| 650 | 0 | |a Formas y géneros literarios |9 324031 | |
| 583 | |a last modification |c 19931201 00:00:00 |k Rodrigo Vera | ||
| 999 | |c 227102 |d 227100 | ||
| 952 | |0 0 |1 0 |4 0 |6 CH_860_900000000000000_LIL_1947 |7 0 |8 A |9 225892 |a BIBEDU |b BIBEDU |d 2019-11-15 |i 2945851 |o Ch860.9 LIL 1947 |p 2945851 |r 2019-11-15 |w 2019-11-15 |y BK |k EDU | ||
| 952 | |0 0 |1 0 |4 0 |6 CH_860_900000000000000_LIL_1947 |7 0 |8 A |9 225893 |a BIBEDU |b BIBEDU |d 2019-11-15 |i 1446673 |o Ch860.9 LIL 1947 |p 1446673 |r 2019-11-15 |w 2019-11-15 |y BK |k LIT | ||